| 000 | 02088nam a2200277Ia 4500 | ||
|---|---|---|---|
| 003 | Ost | ||
| 005 | 20260507075757.0 | ||
| 008 | 260507s9999||||xx |||||||||||||| ||und|| | ||
| 020 | _a9789969537666 | ||
| 040 | _cfsecg | ||
| 041 | _aara | ||
| 082 | _a336.014 | ||
| 100 |
_aطالب، عمر _eمؤلف |
||
| 245 | 0 |
_aمدخل إلى التمويل المهيكل / _c عمر طالب |
|
| 246 | _aintroduction to structured finance | ||
| 260 |
_aالجزائر : _bدار إيلياء للنشر والتوزيع, _c2024 |
||
| 300 |
_a424 صفحة؛ _bإيضاحات ؛ _c24 سم |
||
| 504 | _aالمراجع ص.371 | ||
| 520 | _aالتمويل المهيكل كشكل من أشكال التمويل الحديث و تناول اولا ماهية التمويل المهيكل و تطرق ثانيا للتمويل المهيكل و المنشآت ذات الغرض الخاص ، اما ثاثا مشتقات معدلات الفائدة و رابعا مشتقات الائتمان ، توريق الديون الرهينة العقارية اولا ماهية التوريق ثانيا هياكله ، ثالثا مزايا التوريق بالنسبة للاسواق المالية و الاقتصادية و رابعا الانشغالات المتعلقة بآثار التوريق على الاسواق المالية و الاقتصاد ، أثر التوربق على أداء أسواق الائتمان العقاري - الولايات المتحدة نموذجا اولا اسواق راس المال و الى سوق الرهن العقاري ، ثانيا أثر التوريق على تكلفة الائتمان ، ثالثا أثر التوريق على توافر الائتمان و رابعا أثر التوريق على تشتت المخاطر و خامسا أثر التوريق على على السيولة . | ||
| 653 | _aالائتمان العقاري | ||
| 653 | _aالتمويل | ||
| 653 | _aالديون | ||
| 700 |
_aخاطر، طارق _eمؤلف ثانوي |
||
| 700 |
_aصلحاوي، سمير _eمؤلف ثانوي |
||
| 942 | _cكتاب | ||
| 999 |
_c46248 _d46248 |
||